[Event "the leisure version for good players over 2200"]
[Site "SchemingMind.com"]
[Date "2020.09.30"]
[Round "-"]
[White "AussieMossie"]
[Black "The Stonewall"]
[Result "1/2-1/2"]
[WhiteCountry "AUS"]
[BlackCountry "ENG"]
[WhiteElo "2610"]
[WhiteRD "77"]
[BlackElo "2508"]
[BlackRD "75"]
[GameID "460650"]

1. e4 d6 2. d4 Nf6 3. Nc3 g6 4. Bg5 c6 5. Qd2 Nbd7 6. Nf3 Qc7 7. Bh6 b5 8. Bd3 b4 9. Nd1 c5 10. a3 bxa3
11. Rxa3 c4 12. Bxf8 cxd3 13. Bh6 Qxc2 14. Rxd3 Qxd2+ 15. Nxd2 Ng4 16. Bg5 f5 17. f3 Ngf6 18. Ra3 a6 19. O-O fxe4 20. fxe4 Rb8
21. Rc3 O-O 22. h3 Bb7 23. Nf2 Rfc8 24. d5 Rxc3 25. bxc3 a5 26. c4 Ra8 27. Ra1 Nc5 28. e5 dxe5 29. Bxf6 exf6 30. Nfe4 Nd7
31. Nd6 Ra7 32. Nxb7 Rxb7 33. Rxa5 Rc7 34. Ra6 Kf8 35. Re6 f5 36. d6 Rc6 37. Nf3 e4 38. Ng5 h6 39. Nh7+ Kg8 40. Re7 Nb6
41. d7 Nxd7 42. Rxd7 Rxc4 43. Re7 Ra4 44. Kf2 Rb4 45. g3 Rb3 46. Rc7 g5 47. Nf6+ Kf8 48. Rc5 Kf7 49. Rxf5 Kg6 50. g4 Rxh3
51. Nxe4 Rh4 52. Kf3 Rh3+ 53. Ng3 h5 54. Kg2 Rh4 55. gxh5+ Rxh5 56. Rb5 Rh4 57. Rb6+ Kf7 58. Kf3 Rf4+ 59. Ke3 Ra4 60. Kf3=
1/2-1/2

[Event "the leisure version for good players over 2200"]
[Site "SchemingMind.com"]
[Date "2020.10.04"]
[Round "-"]
[White "The Stonewall"]
[Black "frankly"]
[Result "1/2-1/2"]
[WhiteCountry "ENG"]
[BlackCountry "ENG"]
[WhiteElo "2508"]
[WhiteRD "75"]
[BlackElo "2594"]
[BlackRD "63"]
[GameID "460651"]

1. d4 Nf6 2. Nf3 d5 3. g3 c5 4. Bg2 cxd4 5. O-O h6 6. b3 e6 7. Bb2 Bc5 8. Nxd4 e5 9. Nf3 e4 10. Nd4 O-O
11. Nc3 Re8 12. Rc1 Bf8 13. e3 Nbd7 14. Nde2 Ne5 15. Nf4 Bg4 16. Qd2 Nf3+ 17. Bxf3 Bxf3 18. h3 Rc8 19. Nb5 Nh7 20. Nd4 Ng5
21. c4 Qd7 22. h4 Qg4 23. cxd5 Rcd8 24. Kh2 Bd6 25. hxg5 Bxf4 26. Nxf3 exf3 27. Rh1 Rxe3 28. Be5 Qh4+ 29. Kg1 Rxe5 30. Qxf4 Qxf4
31. gxf4 Re2 32. gxh6 gxh6 33. Rd1 Rd6 34. Rh3 Rxa2 35. Rxf3 Ra5 36. Rfd3 Rb5 37. Kg2 Kg7 38. Kf3 Kf6 39. Kg4 a6 40. R1d2 a5
41. Rd1 h5+=
1/2-1/2

[Event "the leisure version for good players over 2200"]
[Site "SchemingMind.com"]
[Date "2020.10.01"]
[Round "-"]
[White "frankly"]
[Black "The Stonewall"]
[Result "1/2-1/2"]
[WhiteCountry "ENG"]
[BlackCountry "ENG"]
[WhiteElo "2598"]
[WhiteRD "66"]
[BlackElo "2504"]
[BlackRD "78"]
[GameID "460652"]

1. d4 d5 2. c4 c6 3. cxd5 cxd5 4. Nf3 Nf6 5. Nc3 Nc6 6. Bf4 Bf5 7. e3 e6 8. Qb3 Bb4 9. Bb5 O-O 10. O-O Bxc3
11. Bxc6 Bxb2 12. Bxb7 Bxa1 13. Rxa1 Ne4 14. Rc1 Qb6 15. Bxa8 Rxa8 16. h4 f6 17. Nh2 Qxb3 18. axb3 Nd2 19. Rc3 a5 20. Nf1 Nxf1
21. Kxf1 a4 22. bxa4 Rxa4 23. Rc8+ Kf7 24. Rc7+ Kg8 25. Rc8+=
1/2-1/2

[Event "the leisure version for good players over 2200"]
[Site "SchemingMind.com"]
[Date "2020.09.30"]
[Round "-"]
[White "The Stonewall"]
[Black "William Lindberg"]
[Result "1/2-1/2"]
[WhiteCountry "ENG"]
[BlackCountry "USA"]
[WhiteElo "2482"]
[WhiteRD "78"]
[BlackElo "2454"]
[BlackRD "66"]
[GameID "460653"]

1. e4 e5 2. Nf3 Nc6 3. Nc3 Nf6 4. d4 exd4 5. Nxd4 Bb4 6. Nxc6 bxc6 7. Bd3 d5 8. exd5 cxd5 9. O-O O-O 10. h3 Bd6
11. Qf3 c6 12. Bf4 Re8 13. Rfe1 Be6 14. Ne2 Bxf4 15. Nxf4 Qb6 16. b3 Bd7 17. Nh5 Nxh5 18. Qxh5 g6 19. Qh4 c5 20. Qg5 Qd6
21. Qd2 Rxe1+ 22. Rxe1 Be6 23. Bb5 Kg7 24. Bd3 Rc8 25. Bc4 Qc6 26. Be2 h6 27. Bf3 Qd6 28. Qa5 Qb6 29. Qxb6 axb6 30. Kf1 Kf6
31. Ke2 Ke5 32. Kd3+ Kd6 33. a4 h5 34. Ra1 h4 35. a5 bxa5 36. Rxa5 g5 37. Ra4 Rc7 38. Bg4 f5 39. Be2 d4 40. Kd2 Bd5
41. f3 Rc8 42. Bc4 Bxc4 43. Rxc4 Kd5 44. Ra4 Ke5 45. Ke2 Rc7 46. Kf2 Re7=
1/2-1/2

[Event "the leisure version for good players over 2200"]
[Site "SchemingMind.com"]
[Date "2020.09.30"]
[Round "-"]
[White "William Lindberg"]
[Black "The Stonewall"]
[Result "1/2-1/2"]
[WhiteCountry "USA"]
[BlackCountry "ENG"]
[WhiteElo "2454"]
[WhiteRD "66"]
[BlackElo "2482"]
[BlackRD "78"]
[GameID "460654"]

1. e4 e6 2. d4 d5 3. Nc3 Bb4 4. e5 Ne7 5. a3 Bxc3+ 6. bxc3 c5 7. Qg4 Qc7 8. Bd3 c4 9. Be2 Nf5 10. Nf3 Nc6
11. Qf4 Qa5 12. Bd2 h6 13. h4 Bd7 14. a4 b5 15. O-O bxa4 16. h5 Rb8 17. Ra2 a6 18. Rfa1 Na7 19. g4 Ne7 20. Qe3 Rb7
21. Kg2 Qc7 22. Bc1 Qb8 23. Nd2 Bb5 24. Ba3 O-O 25. f4 Re8 26. Bd6 Qd8 27. Nf3 Bd7 28. Bc5 Qb8 29. Bd6 Qd8 30. Bc5=
1/2-1/2

[Event "the leisure version for good players over 2200"]
[Site "SchemingMind.com"]
[Date "2020.10.04"]
[Round "-"]
[White "The Stonewall"]
[Black "Keithk"]
[Result "1-0"]
[WhiteCountry "ENG"]
[BlackCountry "ENG"]
[WhiteElo "2508"]
[WhiteRD "75"]
[BlackElo "2320"]
[BlackRD "67"]
[GameID "460657"]

1. e4 e5 2. Nf3 Nc6 3. Nc3 Nf6 4. Bb5 Nd4 5. O-O Nxb5 6. Nxb5 c6 7. Nc3 d6 8. d4 Qc7 9. Bg5 Be7 10. a4 h6
11. Bxf6 Bxf6 12. d5 Be7 13. Qd3 a5 14. h3 O-O 15. Rad1
1-0

[Event "the leisure version for good players over 2200"]
[Site "SchemingMind.com"]
[Date "2020.10.04"]
[Round "-"]
[White "Keithk"]
[Black "The Stonewall"]
[Result "0-1"]
[WhiteCountry "ENG"]
[BlackCountry "ENG"]
[WhiteElo "2320"]
[WhiteRD "67"]
[BlackElo "2508"]
[BlackRD "75"]
[GameID "460658"]

1. e4 e6 2. d4 d5 3. Nc3 Bb4 4. e5 Ne7 5. a3 Bxc3+ 6. bxc3 c5 7. Qg4 Qc7 8. Qxg7 Rg8 9. Qxh7 cxd4 10. Ne2 dxc3
11. f4 Nbc6 12. Qd3 d4 13. Nxd4 Nxd4 14. Qxd4 Bd7 15. Rg1 Nf5 16. Qf2 Qc6
0-1

[Event "the leisure version for good players over 2200"]
[Site "SchemingMind.com"]
[Date "2020.10.01"]
[Round "-"]
[White "The Stonewall"]
[Black "Giraldo Menendez Rodriguez"]
[Result "1/2-1/2"]
[WhiteCountry "ENG"]
[BlackCountry "CUB"]
[WhiteElo "2482"]
[WhiteRD "78"]
[BlackElo "2544"]
[BlackRD "82"]
[GameID "460659"]

1. e4 c5 2. Nc3 Nc6 3. Bb5 Nd4 4. Bc4 e6 5. Nge2 Nf6 6. O-O a6 7. d3 b5 8. Bb3 Nxb3 9. axb3 Bb7 10. Bg5 Be7
11. f4 d5 12. exd5 Nxd5 13. Bxe7 Nxe7 14. Qe1 O-O 15. Ne4 Rc8 16. Qf2 Nf5 17. Rad1 h6 18. h3 Qe7 19. g4 Nd4 20. Nxd4 cxd4
21. Rd2 Bxe4 22. dxe4 e5 23. fxe5 Qxe5 24. Qf4 Qe7 25. Kg2 Rc5 26. Re1 Rfc8 27. Ree2 Rd8 28. Rd3 Re5 29. c3 g5 30. Qf3 dxc3
31. bxc3 Rxd3 32. Qxd3 Qc7 33. b4 Re6 34. Rd2 Qe5 35. Re2 Rd6 36. Qc2 Rc6=
1/2-1/2

[Event "the leisure version for good players over 2200"]
[Site "SchemingMind.com"]
[Date "2020.09.30"]
[Round "-"]
[White "Giraldo Menendez Rodriguez"]
[Black "The Stonewall"]
[Result "1/2-1/2"]
[WhiteCountry "CUB"]
[BlackCountry "ENG"]
[WhiteElo "2545"]
[WhiteRD "77"]
[BlackElo "2509"]
[BlackRD "82"]
[GameID "460660"]

1. Nf3 f5 2. d4 Nf6 3. g3 e6 4. Bg2 Be7 5. O-O O-O 6. c4 d6 7. Nc3 Ne4 8. Nxe4 fxe4 9. Nd2 d5 10. f3 Nc6
11. fxe4 Rxf1+ 12. Nxf1 dxc4 13. Be3 Bd7 14. Bh3 Qe8 15. Nd2 b5 16. a4 a6 17. axb5 axb5 18. Rxa8 Qxa8 19. Nf3 Qc8 20. Kf2 e5
21. Bxd7 Qxd7 22. d5 Bf6 23. Qb1 Nd8 24. b3 cxb3 25. Qxb3 Nf7 26. h3 Nd6 27. Kg2 h6 28. Qb1 Qe8 29. Bc5=
1/2-1/2